1010 1665 1624 1155 1668 1238 1601 1355 1578 1147 1279 1897 1597 1862 1532 1300 1333 1544 1894 1819 1025 1396 1008 1157 1166 1071 1883 1685 1900 1954 1991 1975 1219 1282 1216 1674 1157 1869 1821 1753 1332 1433 1792 1695 1666 1123 1903 1982 1616 1234 1363 1074 1979 1686 1971 1787 1262 1518 1339 1746 1862 1661 1967 1887 1906 1415 1029 1789 1433 1807 1913 1707 1815 1230 1437 1158 1846 1062 1461 1394 1069 1635 1299 1106 1898 1136 1507 1986 1066 1475 1191 1802 1452 1849 1814 1280 1052 1981 1338 BCNSPRNW ULIB Ver.6.0+V

เปลี่ยนเป็นภาษาไทย

Change to English
 แสดงรายละเอียดบรรณานุกรม
  กลับหน้าหลัก

Brief Record : Get Marc (ISO 2709) : E-mail record : QR code < ปิดหน้าต่าง
LEADER : 00000nam 2200000uu 4500
001    13399127154
003     ULIB
008    191018s2562||||th 000 0 tha d
020 ^- ^a9786163660626
050 ^- ^aนว.^bข562น
100 0^ ^aขวัญใจ เอมใจ.
245 10 ^aนางฟ้าที่(แสน)รัก /^cขวัญใจ เอมใจ.
250 ^- ^aพิมพ์ครั้งที่ 1.
260 ^- ^aนนทบุรี :^bดวงตะวัน,^c2562
300 ^- ^a447 หน้า.
945    ^p350^l0^i006341
999    ^aประนอม เกษจรัล
รายการนี้ยังไม่มีแท็ก
คุณยังไม่ได้ล็อกอิน คุณสามารถมีกิจกรรมร่วมกับเว็บไซต์ได้ แต่ต้องล็อกอินก่อน ::
  ล็อกอิน

รายการสื่อสารสนเทศ

ลำดับที่ ประเภท เลขเรียก/บาร์โค้ด สถานที่ สถานะ
1. นวนิยาย
นวนิยาย
นว. ข562น ฉ.1 
  Barcode: 006341
ห้องสมุดวิทยาเขตนครสวรรค์
►นวนิยาย:l:Fiction
บนชั้น

รายการใกล้เคียง
    ผู้แต่ง [ขวัญใจ เอมใจ.]

BibComment


ยังไม่เคยถูกคอมเมนท์

คอมเมนท์ทรัพยากรรายการนี้
  คอมเมนท์: นางฟ้าที่แสนรัก ..


 Copyright 2026. Bcnsprnw @Library